[Event "Sparkassen-Open A"]
[Site "Heusenstamm, Martinsee"]
[Date "2015.11.26"]
[Round "1.1"]
[White "Landa, Konstantin"]
[Black "Cichy, Michael"]
[Result "1-0"]
[WhiteElo "2625"]
[BlackElo "1957"]
[PlyCount "71"]
[EventDate "2015.??.??"]
[WhiteTeam "SV Mülheim-Nord"]
[BlackTeam "SC BS Gliesmarode"]

1. Nf3 Nf6 2. c4 c5 3. d4 cxd4 4. Nxd4 Nc6 5. Nc3 a6 6. e4 d6 7. Be2 g6 8. Be3
Bg7 9. O-O O-O 10. Qd2 Ng4 11. Bxg4 Bxg4 12. Nxc6 bxc6 13. Bh6 Qb6 14. Bxg7
Kxg7 15. Na4 Qa7 16. c5 dxc5 17. h3 Be6 18. Qc3+ f6 19. Nxc5 Bf7 20. Rfd1 Rfd8
21. b3 a5 22. Rac1 Rac8 23. Rd2 Rd6 24. Rcd1 Rcd8 25. Na4 Qa6 26. e5 Rxd2 27.
Rxd2 Rxd2 28. Qxd2 Qb5 29. exf6+ exf6 30. Qe3 Qd5 31. Nc3 Qf5 32. Ne4 Qe5 33.
Nc5 Qa1+ 34. Kh2 Qxa2 35. Qe7 Qd2 36. Ne6+ 1-0

[Event "Sparkassen-Open A"]
[Site "Heusenstamm, Martinsee"]
[Date "2015.11.26"]
[Round "1.2"]
[White "Wolff, Peter"]
[Black "Feller, Sebastien"]
[Result "0-1"]
[WhiteElo "1957"]
[BlackElo "2622"]
[PlyCount "72"]
[EventDate "2015.??.??"]
[WhiteTeam "VSG Offenbach"]
[BlackTeam "Thionville"]

1. c4 g6 2. g3 Bg7 3. Bg2 Nf6 4. Nf3 O-O 5. O-O d6 6. Nc3 e5 7. d3 c6 8. h3
Nbd7 9. e4 Nc5 10. Be3 Qe7 11. Qd2 a5 12. b3 Bd7 13. Rac1 b5 14. cxb5 cxb5 15.
Bg5 Ne6 16. Nd5 Qd8 17. Bh4 Ra6 18. Rc2 Re8 19. Rfc1 Nc5 20. Nh2 h6 21. Nxf6+
Bxf6 22. Bxf6 Qxf6 23. Qxh6 Nxd3 24. Rd1 Nb4 25. Rcd2 Rc6 26. Bf1 Rb8 27. Be2
Nc2 28. Nf3 Rbb6 29. Rd5 Be6 30. Rxb5 Rxb5 31. Bxb5 Qxf3 32. Rd3 Qxe4 33. Rd1
Nd4 34. Bd3 Qf3 35. Bxg6 Ne2+ 36. Kh2 Qxf2+ 0-1

[Event "Sparkassen-Open A"]
[Site "Heusenstamm, Martinsee"]
[Date "2015.11.26"]
[Round "1.3"]
[White "Sumets, Andrey"]
[Black "Modric, Vladimir"]
[Result "1-0"]
[WhiteElo "2583"]
[BlackElo "1945"]
[PlyCount "67"]
[EventDate "2015.??.??"]
[WhiteTeam "SF Lilienthal"]
[BlackTeam "SC Nied"]

1. d4 e6 2. Nf3 f5 3. g3 Nf6 4. Bg2 d5 5. O-O Bd6 6. b3 Qe7 7. a4 O-O 8. Ba3
Nbd7 9. c4 c6 10. a5 Ne4 11. Qc2 Kh8 12. Qb2 g5 13. e3 f4 14. Bxd6 Qxd6 15.
exf4 gxf4 16. Nbd2 Nef6 17. Rfe1 Ng4 18. Qa3 Qxa3 19. Rxa3 fxg3 20. fxg3 Rf6
21. h3 Nh6 22. g4 Ng8 23. b4 Nf8 24. Ne5 Ng6 25. Nxg6+ Rxg6 26. cxd5 exd5 27.
Re8 Re6 28. Rd8 Kg7 29. Nf1 Ne7 30. Rf3 Ng6 31. Ng3 Re1+ 32. Kh2 Rb1 33. g5 Rb2
34. Nh5# 1-0

[Event "Sparkassen-Open A"]
[Site "Heusenstamm, Martinsee"]
[Date "2015.11.26"]
[Round "1.4"]
[White "Müller, Gerhard"]
[Black "Borovikov, Vladislav"]
[Result "0-1"]
[WhiteElo "1938"]
[BlackElo "2564"]
[PlyCount "48"]
[EventDate "2015.??.??"]
[WhiteTeam "SV Mainz-Mombach"]
[BlackTeam "SC Siegburg"]

1. e4 c5 2. Nc3 d6 3. g3 Nc6 4. Bg2 g6 5. d3 Bg7 6. Nge2 e5 7. O-O Nge7 8. Be3
O-O 9. Qd2 Nd4 10. Nd1 d5 11. f3 Be6 12. c3 Nxe2+ 13. Qxe2 d4 14. cxd4 cxd4 15.
Bd2 Rc8 16. Bb4 a5 17. Ba3 b5 18. b4 Qd6 19. Qd2 Nc6 20. Nf2 Nxb4 21. Rac1 Rfe8
22. Rxc8 Rxc8 23. Rc1 Rxc1+ 24. Qxc1 Nxa2 0-1

[Event "Sparkassen-Open A"]
[Site "Heusenstamm, Martinsee"]
[Date "2015.11.26"]
[Round "1.5"]
[White "van Foreest, Jorden"]
[Black "Pabel, Ralph"]
[Result "1-0"]
[WhiteElo "2546"]
[BlackElo "1938"]
[PlyCount "91"]
[EventDate "2015.??.??"]
[WhiteTeam "SK Turm Emsdetten"]
[BlackTeam "SK Mainaschaff"]

1. e4 c6 2. d4 d5 3. e5 Bf5 4. Nf3 e6 5. Be2 Ne7 6. O-O c5 7. dxc5 Nec6 8. c3
Bxc5 9. b4 Bb6 10. b5 Ne7 11. Ba3 Nd7 12. c4 Bc5 13. Bxc5 Nxc5 14. Qd4 Rc8 15.
Nbd2 O-O 16. Qe3 Bg6 17. Rfd1 Qb6 18. Nd4 Nf5 19. Nxf5 Bxf5 20. cxd5 exd5 21.
Nf3 Rfd8 22. Nd4 Bg6 23. Bg4 Rc7 24. f4 Be4 25. Rac1 Nd3 26. Rxc7 Qxc7 27. e6
Nc5 28. Rc1 b6 29. exf7+ Kxf7 30. Ne6 Qd6 31. Nxd8+ Qxd8 32. Rd1 Qf6 33. Bf3
Qb2 34. Bxe4 Nxe4 35. Qb3 Qxb3 36. axb3 Nc3 37. Rd3 Nxb5 38. Rxd5 a6 39. Rd7+
Kf6 40. Rb7 Kf5 41. Rxb6 Nd4 42. b4 Ne2+ 43. Kf1 Nxf4 44. Rxa6 Nd5 45. b5 Nc7
46. Rc6 1-0

[Event "Sparkassen-Open A"]
[Site "Heusenstamm, Martinsee"]
[Date "2015.11.26"]
[Round "1.6"]
[White "Zirlik, Rudi"]
[Black "Zubarev, Alexander"]
[Result "0-1"]
[WhiteElo "1937"]
[BlackElo "2540"]
[PlyCount "34"]
[EventDate "2015.??.??"]
[WhiteTeam "SV Unterkochen"]
[BlackTeam "SC Siegburg"]

1. d4 g6 2. c4 Bg7 3. g3 c5 4. Nf3 cxd4 5. Nxd4 Nc6 6. Nxc6 bxc6 7. Qc2 Nf6 8.
Bg2 O-O 9. O-O d5 10. cxd5 cxd5 11. Nc3 Bf5 12. e4 dxe4 13. Rd1 Qc8 14. Qa4 Qe6
15. Be3 Rfc8 16. Rac1 Ng4 17. Bd4 Rc4 0-1

[Event "Sparkassen-Open A"]
[Site "Heusenstamm, Martinsee"]
[Date "2015.11.26"]
[Round "1.7"]
[White "Sadzikowski, Daniel"]
[Black "Weil, Michael"]
[Result "1-0"]
[WhiteElo "2510"]
[BlackElo "1935"]
[PlyCount "111"]
[EventDate "2015.??.??"]
[WhiteTeam "SC Heusenstamm"]
[BlackTeam "SC Steinbach"]

1. c4 e6 2. Nc3 d5 3. d4 f5 4. Bf4 c6 5. e3 Nf6 6. Bd3 Be7 7. Qc2 Ne4 8. Nge2
O-O 9. f3 Nxc3 10. Nxc3 Bg5 11. Bxg5 Qxg5 12. f4 Qh4+ 13. g3 Qh3 14. Ne2 Nd7
15. Ng1 Qh5 16. Be2 Qh6 17. Nf3 Nf6 18. Bd3 Qh5 19. Qe2 Bd7 20. h3 Rac8 21. c5
b6 22. Rc1 bxc5 23. Rxc5 Rb8 24. b3 Rb6 25. Ra5 Ra8 26. Rh2 Qe8 27. g4 Qe7 28.
Ne5 g6 29. g5 Nh5 30. Qd2 Be8 31. Kf2 Rc8 32. Qc3 Rc7 33. Rh1 Qd6 34. Rc5 Bd7
35. h4 Be8 36. Rc1 Kg7 37. Be2 Kg8 38. b4 Rcb7 39. a3 a6 40. Bxh5 gxh5 41. Nxc6
Bxc6 42. Rxc6 Rxc6 43. Qxc6 Rd7 44. Qxd6 Rxd6 45. Rc7 Rb6 46. Ke2 Rb5 47. Kd3
Rb6 48. Kc3 Kh8 49. a4 Kg8 50. Kb3 Kh8 51. b5 axb5 52. a5 Ra6 53. Kb4 Ra8 54.
Rb7 Rc8 55. a6 Rc4+ 56. Kxb5 1-0

[Event "Sparkassen-Open A"]
[Site "Heusenstamm, Martinsee"]
[Date "2015.11.26"]
[Round "1.8"]
[White "Schindelmeiser, Frank"]
[Black "Kveinys, Aloyzas"]
[Result "0-1"]
[WhiteElo "1931"]
[BlackElo "2485"]
[PlyCount "90"]
[EventDate "2015.??.??"]
[WhiteTeam "SV Oberursel"]
[BlackTeam "Vilnius"]

1. c4 c5 2. g3 g6 3. Bg2 Bg7 4. Nc3 Nc6 5. Nf3 d6 6. O-O e5 7. d3 Nge7 8. a3
O-O 9. Rb1 a5 10. Ne1 f5 11. f4 Be6 12. Nd5 a4 13. b3 axb3 14. Rxb3 Ra7 15. e3
Na5 16. Rb1 Nxd5 17. Bxd5 Bxd5 18. cxd5 Qe7 19. Nf3 c4 20. Ng5 cxd3 21. Qxd3 e4
22. Qb5 Rc8 23. Bb2 Rc5 24. Qe2 Bxb2 25. Qxb2 h6 26. Ne6 Rxd5 27. Nd4 Rc5 28.
Rfc1 Ra8 29. Nb3 Nxb3 30. Qxb3+ Qf7 31. Qxf7+ Kxf7 32. Rxb7+ Ke6 33. Rxc5 dxc5
34. Rb3 Kd5 35. Rc3 Rb8 36. Rc2 Rb3 37. Kf2 Rxa3 38. Ke2 c4 39. Kd2 Kc5 40. h3
h5 41. Ke2 c3 42. Rc1 Ra2+ 43. Kd1 Kc4 44. Rc2 Ra1+ 45. Ke2 Kb3 0-1

[Event "Sparkassen-Open A"]
[Site "Heusenstamm, Martinsee"]
[Date "2015.11.26"]
[Round "1.9"]
[White "Milov, Leonid"]
[Black "Zimmer, Gerald"]
[Result "1-0"]
[WhiteElo "2471"]
[BlackElo "1923"]
[PlyCount "103"]
[EventDate "2015.??.??"]
[WhiteTeam "SC Noris-Tarrasch Nürnberg"]
[BlackTeam "SC Bergen-Enkheim"]

1. e4 e6 2. Nf3 d5 3. Nc3 Nf6 4. e5 Ne4 5. h4 Nxc3 6. dxc3 Be7 7. Qd4 f5 8. Bg5
Nc6 9. Qf4 h6 10. Bxe7 Qxe7 11. Bd3 Bd7 12. h5 O-O-O 13. b4 Rdf8 14. b5 Na5 15.
Qb4 Qxb4 16. cxb4 Nc4 17. a4 Nb2 18. Be2 Rfg8 19. Nh4 Be8 20. g3 Bf7 21. Ng2
Nc4 22. Bxc4 dxc4 23. O-O-O Rd8 24. Nf4 Rxd1+ 25. Rxd1 Rd8 26. Rxd8+ Kxd8 27.
Kd2 Kd7 28. Kc3 b6 29. Kxc4 Ke7 30. Kd3 Be8 31. f3 Bf7 32. Ke3 Be8 33. Kf2 Bf7
34. Kg2 Be8 35. Kh3 Bf7 36. Kh4 Kf8 37. Ne2 Ke7 38. Nd4 Be8 39. c3 Bd7 40. c4
Be8 41. c5 Kf7 42. f4 Bd7 43. a5 Ke8 44. g4 fxg4 45. Kxg4 Kf7 46. cxb6 cxb6 47.
Nc6 bxa5 48. bxa5 a6 49. Nd4 axb5 50. a6 Bc8 51. a7 Bb7 52. Nxb5 1-0

[Event "Sparkassen-Open A"]
[Site "Heusenstamm, Martinsee"]
[Date "2015.11.26"]
[Round "1.10"]
[White "Winand, Edgar"]
[Black "Wieczorek, Oskar"]
[Result "0-1"]
[WhiteElo "1922"]
[BlackElo "2428"]
[PlyCount "80"]
[EventDate "2015.??.??"]
[WhiteTeam "SC Flörsheim"]
[BlackTeam "SC Heusenstamm"]

1. Nf3 c5 2. e3 g6 3. d4 Bg7 4. Be2 Nf6 5. O-O O-O 6. b3 cxd4 7. exd4 d5 8. Bb2
Nc6 9. Ne5 Bf5 10. a3 Rc8 11. Bd3 Bxd3 12. Qxd3 Qc7 13. f4 Ne4 14. c4 e6 15. c5
f6 16. Nxc6 bxc6 17. Nc3 f5 18. b4 Rb8 19. Nxe4 fxe4 20. Qh3 Rf5 21. Rad1 a5
22. Bc3 axb4 23. axb4 Rbf8 24. g3 Qb7 25. Rf2 g5 26. Ra1 gxf4 27. Rxf4 Rxf4 28.
gxf4 Qb5 29. Qf1 Qb8 30. Qh3 Qxf4 31. Rf1 Qxf1+ 32. Qxf1 Rxf1+ 33. Kxf1 Kf7 34.
Ke2 Ke7 35. Kd1 Kd7 36. Kc2 Kc7 37. Kb3 Kb7 38. Ka4 Ka6 39. Bb2 e3 40. Bc3 e2
0-1

[Event "Sparkassen-Open A"]
[Site "Heusenstamm, Martinsee"]
[Date "2015.11.26"]
[Round "1.11"]
[White "Weichhold, Pawel"]
[Black "Thomele, Michael"]
[Result "1-0"]
[WhiteElo "2413"]
[BlackElo "1919"]
[PlyCount "79"]
[EventDate "2015.??.??"]
[WhiteTeam "SC Heusenstamm"]
[BlackTeam "SC Obernau"]

1. e4 c5 2. Nf3 d6 3. d4 cxd4 4. Nxd4 Nf6 5. Nc3 g6 6. g3 Bg7 7. Bg2 O-O 8. h3
Nc6 9. Nde2 Bd7 10. b3 Qc8 11. Bb2 Re8 12. Rb1 Rb8 13. Qd2 Nd8 14. h4 h5 15.
O-O Ng4 16. Nd5 Bxb2 17. Rxb2 b5 18. c3 Kh7 19. Nd4 Ne6 20. f3 Ne5 21. f4 Ng4
22. f5 Nd8 23. Qg5 Ne5 24. Rbf2 Qc5 25. g4 f6 26. fxg6+ Nxg6 27. Qxh5+ Kg7 28.
Nf5+ Bxf5 29. gxf5 Ne5 30. Qxe8 Ndc6 31. Qh5 Rh8 32. Qe2 Rxh4 33. b4 Qc4 34.
Qxc4 Nxc4 35. Bh1 Kf7 36. Rf4 Rh7 37. Bf3 a6 38. Be2 N4e5 39. R1f2 Rh3 40. Rh2
1-0

[Event "Sparkassen-Open A"]
[Site "Heusenstamm, Martinsee"]
[Date "2015.11.26"]
[Round "1.12"]
[White "Bittner, Peter"]
[Black "Zeller, Frank"]
[Result "0-1"]
[WhiteElo "1912"]
[BlackElo "2392"]
[PlyCount "68"]
[EventDate "2015.??.??"]
[WhiteTeam "SC Nied"]
[BlackTeam "SK Schwäbisch Hall"]

1. Nf3 c5 2. g3 Nc6 3. Bg2 e5 4. e4 g6 5. c3 Bg7 6. d3 d6 7. O-O Nge7 8. Be3
O-O 9. Qe2 f5 10. Na3 f4 11. Bd2 h6 12. Nc2 g5 13. h3 Be6 14. Kh2 Qd7 15. Ng1
b5 16. g4 a5 17. f3 h5 18. Be1 Kf7 19. h4 Rh8 20. Bh3 Bf6 21. gxh5 Rxh5 22. Bg4
Rh6 23. h5 Rah8 24. Kg2 Rxh5 25. Bxh5+ Rxh5 26. Bd2 g4 27. fxg4 Bxg4 28. Nf3
Rh3 29. Be1 Bxf3+ 30. Qxf3 Rxf3 31. Kxf3 d5 32. Ke2 c4 33. Rd1 Qg4+ 34. Rf3
cxd3+ 0-1

[Event "Sparkassen-Open A"]
[Site "Heusenstamm, Martinsee"]
[Date "2015.11.26"]
[Round "1.13"]
[White "Schild, Christoph"]
[Black "Rochau, Normen"]
[Result "1/2-1/2"]
[WhiteElo "2368"]
[BlackElo "1912"]
[PlyCount "97"]
[EventDate "2015.??.??"]
[WhiteTeam "SK Freiburg-Zähringen 1887"]
[BlackTeam "Karlsruher SF"]

1. c4 Nf6 2. g3 e6 3. Bg2 c5 4. Nf3 Nc6 5. O-O Be7 6. Nc3 O-O 7. d4 cxd4 8.
Nxd4 a6 9. b3 Nxd4 10. Qxd4 Ne8 11. Rd1 Qc7 12. Bb2 Bf6 13. Qd2 Be7 14. Rac1
Rb8 15. c5 b6 16. cxb6 Qxb6 17. Na4 Qb4 18. Qxb4 Bxb4 19. Bd4 d5 20. e4 dxe4
21. Bxe4 Nf6 22. Bxf6 gxf6 23. Nc5 Rb5 24. Nd7 Bxd7 25. Rxd7 Rc5 26. Rxc5 Bxc5
27. Bf3 Re8 28. Bh5 Re7 29. Rd8+ Kg7 30. Ra8 Ra7 31. Rc8 Bb4 32. Be2 a5 33. Bb5
Bd6 34. Bc4 Bb4 35. Rd8 Rc7 36. Kf1 f5 37. Ke2 Bc5 38. f3 Kf6 39. Rh8 Kg7 40.
Ra8 Bb4 41. a3 Bc3 42. Kd3 Be1 43. Rb8 Bf2 44. b4 axb4 45. axb4 Bg1 46. h3 Bh2
47. Ba6 Bxg3 48. Re8 Be5 49. Bc4 1/2-1/2

[Event "Sparkassen-Open A"]
[Site "Heusenstamm, Martinsee"]
[Date "2015.11.26"]
[Round "1.14"]
[White "Foskanyan, Serzhik"]
[Black "Solonar, Stefan"]
[Result "0-1"]
[WhiteElo "1911"]
[BlackElo "2341"]
[PlyCount "70"]
[EventDate "2015.??.??"]
[WhiteTeam "SV Mainz-Mombach"]
[BlackTeam "SC Heusenstamm"]

1. e4 c5 2. f4 d5 3. exd5 Qxd5 4. Nc3 Qd8 5. Nf3 Nc6 6. Be2 g6 7. O-O Bg7 8.
Ne4 Nh6 9. c3 Qd5 10. d3 b6 11. Qc2 Bb7 12. Ng3 O-O 13. Qb3 Qd7 14. Ne1 Rad8
15. Bf3 e6 16. Be3 Na5 17. Qc2 Bxf3 18. Rxf3 Ng4 19. Rd1 Nc6 20. Bc1 Qe7 21.
Ne2 Qh4 22. h3 Nf6 23. Qa4 Rd6 24. d4 cxd4 25. Rfd3 Ne4 26. Nxd4 Qf2+ 27. Kh2
Nc5 28. Qa3 Bxd4 29. cxd4 Nxd3 30. Qxd6 Nxc1 31. Nf3 Qc2 32. Rd2 Qc4 33. b3 Qc3
34. Qa3 Nd3 35. Qd6 Ne1 0-1

[Event "Sparkassen-Open A"]
[Site "Heusenstamm, Martinsee"]
[Date "2015.11.26"]
[Round "1.15"]
[White "Barski, Radoslaw"]
[Black "Neukirchner, Pascal"]
[Result "1-0"]
[WhiteElo "2336"]
[BlackElo "1910"]
[PlyCount "67"]
[EventDate "2015.??.??"]
[WhiteTeam "SC Heusenstamm"]
[BlackTeam "SK Gründau"]

1. e4 c5 2. Nf3 d6 3. d4 cxd4 4. Nxd4 Nf6 5. Nc3 g6 6. g3 Bg7 7. Bg2 O-O 8. O-O
Nc6 9. Nde2 Bd7 10. h3 Rc8 11. b3 Qa5 12. Bd2 Qh5 13. h4 Ne5 14. f3 Nc6 15. Bg5
h6 16. Nf4 hxg5 17. Nxh5 Nxh5 18. Ne2 Bxa1 19. Qxa1 gxh4 20. g4 Ng3 21. Nxg3
hxg3 22. c4 e5 23. Rd1 Nd4 24. Rxd4 exd4 25. Qxd4 Be6 26. a4 a6 27. Qb6 Rfd8
28. Bf1 Rd7 29. Kg2 Rc6 30. Qd4 b5 31. cxb5 Rc2+ 32. Kxg3 Bxb3 33. b6 Ra2 34.
Qb4 1-0

[Event "Sparkassen-Open A"]
[Site "Heusenstamm, Martinsee"]
[Date "2015.11.26"]
[Round "1.16"]
[White "Lotz, Ralf"]
[Black "Thinius, Marco"]
[Result "1/2-1/2"]
[WhiteElo "1904"]
[BlackElo "2328"]
[PlyCount "146"]
[EventDate "2015.??.??"]
[WhiteTeam "SC Obertshausen"]
[BlackTeam "SV Empor Berlin"]

1. d4 f5 2. Nf3 Nf6 3. g3 e6 4. Bg2 Be7 5. Nbd2 O-O 6. c4 d6 7. b3 a5 8. a3 Ne4
9. Qc2 Nxd2 10. Bxd2 Bf6 11. Bc3 Nc6 12. Rd1 Qe7 13. d5 Bxc3+ 14. Qxc3 Nd8 15.
dxe6 Nxe6 16. Nd4 Nc5 17. O-O Bd7 18. e3 Qe5 19. Qc2 Rab8 20. Nb5 c6 21. Nd4
Rbd8 22. b4 axb4 23. axb4 Ne4 24. Nf3 Qe7 25. Ra1 Ra8 26. Rfd1 Qf6 27. Nd4 Rxa1
28. Rxa1 c5 29. bxc5 dxc5 30. Nb3 Bc6 31. Ra5 Qd6 32. h4 Rd8 33. Ra1 b6 34. Ra2
h6 35. Ra7 Rd7 36. Rxd7 Qxd7 37. Nc1 Ba4 38. Qd3 Qxd3 39. Nxd3 Nd6 40. Bd5+ Kf8
41. f3 Ke7 42. Kf2 Bb3 43. Nb2 b5 44. Nd3 Bxc4 45. Bxc4 Nxc4 46. Nxc5 Kd6 47.
Nb3 Kd5 48. Ke2 h5 49. Nd4 Nd6 50. Kd3 g6 51. Ne2 Ke5 52. Nf4 Kf6 53. Kd4 Nc4
54. e4 Nd2 55. e5+ Kg7 56. Ne6+ Kf7 57. Ng5+ Ke7 58. Kc5 Nf1 59. Kxb5 Nxg3 60.
Kc5 Ne2 61. Nh3 Ke6 62. f4 Ke7 63. Kd5 Ng3 64. Kd4 Ne4 65. Ng1 Ke6 66. Ne2 Nf2
67. Nc1 Ng4 68. Nd3 Nh2 69. Ne1 Ng4 70. Nf3 Ke7 71. Ng5 Nh2 72. Kd5 Ng4 73. Kd4
Nh2 1/2-1/2

[Event "Sparkassen-Open A"]
[Site "Heusenstamm, Martinsee"]
[Date "2015.11.26"]
[Round "1.17"]
[White "Donchenko, Anatoly"]
[Black "Budde, Michael"]
[Result "1/2-1/2"]
[WhiteElo "2323"]
[BlackElo "1903"]
[PlyCount "64"]
[EventDate "2015.??.??"]
[WhiteTeam "SK Gießen"]
[BlackTeam "SC Flörsheim"]

1. Nf3 Nf6 2. d4 g6 3. g3 Bg7 4. Bg2 O-O 5. O-O d6 6. b3 Nbd7 7. Bb2 c6 8. a4
a5 9. Nbd2 Qc7 10. e4 e5 11. Re1 b6 12. dxe5 Nxe5 13. Nd4 Rb8 14. h3 Bb7 15.
Ne2 Rfd8 16. Nf4 d5 17. exd5 Nxd5 18. Nxd5 cxd5 19. Bd4 Nd3 20. cxd3 Bxd4 21.
Ra2 Qxg3 22. Nf3 Qf4 23. Nxd4 Qxd4 24. Re7 Re8 25. Rae2 Rxe7 26. Rxe7 Qf6 27.
Qe2 Kf8 28. Re5 Rc8 29. Bxd5 Rc1+ 30. Kg2 Bxd5+ 31. Rxd5 Qa1 32. Re5 Kg7
1/2-1/2

[Event "Sparkassen-Open A"]
[Site "Heusenstamm, Martinsee"]
[Date "2015.11.26"]
[Round "1.19"]
[White "Schwarz, Dusan"]
[Black "Gutacker, Stephan"]
[Result "1-0"]
[WhiteElo "2315"]
[BlackElo "1885"]
[PlyCount "37"]
[EventDate "2015.??.??"]
[WhiteTeam "Sk Doprastav Bratislava"]
[BlackTeam "Sfr. Kelkheim"]

1. d4 Nf6 2. c4 e5 3. dxe5 Ng4 4. Bf4 Nc6 5. Nf3 Bb4+ 6. Nbd2 Qe7 7. e3 Ngxe5
8. Nxe5 Nxe5 9. Be2 O-O 10. O-O Bxd2 11. Qxd2 d6 12. Qc3 Re8 13. Rac1 f6 14.
Rfd1 Bf5 15. b4 Rad8 16. Rd2 Rd7 17. Bg3 c6 18. f3 Red8 19. e4 1-0

[Event "Sparkassen-Open A"]
[Site "Heusenstamm, Martinsee"]
[Date "2015.11.26"]
[Round "1.20"]
[White "Hinrichs, Niklas"]
[Black "Keller, Peter"]
[Result "0-1"]
[WhiteElo "1884"]
[BlackElo "2304"]
[PlyCount "38"]
[EventDate "2015.??.??"]
[WhiteTeam "SK Bingen"]
[BlackTeam "Frankfurter TV"]

1. d4 d5 2. c4 c6 3. Nc3 dxc4 4. a4 e5 5. dxe5 Qxd1+ 6. Kxd1 Be6 7. e4 Na6 8.
f4 O-O-O+ 9. Bd2 g6 10. Nf3 Bh6 11. g3 Nb4 12. Be2 f6 13. h3 Nd3 14. Bxd3 Rxd3
15. Ke2 Bg7 16. exf6 Nxf6 17. Ng5 Re8 18. Rhg1 Nxe4 19. Ngxe4 Bd5 0-1

[Event "Sparkassen-Open A"]
[Site "Heusenstamm, Martinsee"]
[Date "2015.11.26"]
[Round "1.21"]
[White "van Foreest, Lucas"]
[Black "Haftmann, Rainer"]
[Result "1-0"]
[WhiteElo "2299"]
[BlackElo "1866"]
[PlyCount "113"]
[EventDate "2015.??.??"]
[WhiteTeam "SK Turm Emsdetten"]
[BlackTeam "SG Dietzenbach"]

1. e4 e5 2. Nf3 Nc6 3. Bc4 Be7 4. d4 d6 5. d5 Nb8 6. Bd3 Bg4 7. Nbd2 Nd7 8. h3
Bh5 9. c4 Ngf6 10. Bc2 O-O 11. Nf1 c6 12. Ng3 Bg6 13. O-O cxd5 14. cxd5 Rc8 15.
Ne1 Qa5 16. a3 b5 17. Be3 Rc7 18. Bd3 Rfc8 19. b4 Qa4 20. Qxa4 bxa4 21. f3 Rc3
22. Ne2 R3c7 23. Bb5 Nb6 24. Bxb6 axb6 25. Nd3 Rc2 26. Rfc1 Rxc1+ 27. Rxc1
Rxc1+ 28. Ndxc1 Nh5 29. g3 Bg5 30. Kf2 f5 31. exf5 Bf7 32. Bxa4 Bxc1 33. Nxc1
Nf6 34. Bb3 Bxd5 35. a4 Kf8 36. a5 Bb7 37. Ne2 bxa5 38. bxa5 d5 39. f4 Ne4+ 40.
Ke1 exf4 41. Nxf4 Nxg3 42. Bxd5 Ba6 43. Ne6+ Ke7 44. Nxg7 Kf6 45. Ne8+ Kxf5 46.
Nc7 Bd3 47. Kf2 Ne4+ 48. Bxe4+ Bxe4 49. a6 Ke5 50. Ke3 Bg2 51. a7 Kd6 52. a8=Q
Bxa8 53. Nxa8 Kc6 54. Kf4 Kb7 55. Kg5 Kxa8 56. Kh6 Kb7 57. Kxh7 1-0

[Event "Sparkassen-Open A"]
[Site "Heusenstamm, Martinsee"]
[Date "2015.11.26"]
[Round "1.22"]
[White "Blosze, Winfried"]
[Black "Schmitzer, Klaus"]
[Result "0-1"]
[WhiteElo "1865"]
[BlackElo "2285"]
[PlyCount "134"]
[EventDate "2015.??.??"]
[WhiteTeam "SV Großauheim"]
[BlackTeam "Bad Vilbeler Sfr"]

1. e4 c6 2. d4 d5 3. e5 Bf5 4. Bd3 Bxd3 5. Qxd3 e6 6. Ne2 Qb6 7. O-O c5 8. c3
Nc6 9. b3 Rc8 10. Kh1 cxd4 11. f4 dxc3 12. Nbxc3 g6 13. Bb2 Nge7 14. Na4 Qa6
15. Qxa6 bxa6 16. Rfc1 Nb4 17. Rxc8+ Nxc8 18. Bd4 Kd7 19. Bg1 Be7 20. Nec3 h6
21. Nc5+ Kc6 22. N3a4 Nb6 23. a3 Nxa4 24. axb4 Nxc5 25. bxc5 Kb5 26. g3 Rc8 27.
b4 Rc6 28. Rb1 Kc4 29. Kg2 Rc7 30. Kf3 f6 31. h4 fxe5 32. fxe5 Bf8 33. g4 Bg7
34. Bh2 Rf7+ 35. Ke3 Kc3 36. Bg3 Bf8 37. Be1+ Kc4 38. Ra1 Bg7 39. Rxa6 Bxe5 40.
Rxe6 Bf4+ 41. Ke2 d4 42. Re4 Be3 43. Re6 Bf4 44. Rxg6 d3+ 45. Kd1 d2 46. Bxd2
Rd7 47. Rd6 Bxd6 48. cxd6 Rxd6 49. Kc2 a6 50. Be1 Re6 51. Kd1 Re4 52. Bd2 Rxg4
53. Bxh6 Kd3 54. Kc1 Rc4+ 55. Kb2 Rxb4+ 56. Ka3 Rxh4 57. Bg7 Kc4 58. Bf6 Rf4
59. Be5 Re4 60. Bf6 Kb5 61. Bg7 Re3+ 62. Ka2 Ka4 63. Kb2 Rb3+ 64. Ka2 Rg3 65.
Bh6 Rg2+ 66. Kb1 Kb3 67. Kc1 a5 0-1

[Event "Sparkassen-Open A"]
[Site "Heusenstamm, Martinsee"]
[Date "2015.11.26"]
[Round "1.23"]
[White "Promyshlyanskyy, Vitaliy"]
[Black "Eg, Karlheinz"]
[Result "1-0"]
[WhiteElo "2245"]
[BlackElo "1861"]
[PlyCount "51"]
[EventDate "2015.??.??"]
[WhiteTeam "SC Noris-Tarrasch Nürnberg"]
[BlackTeam "SV Rüsselsheim"]

1. e4 e5 2. Nf3 Nc6 3. Bb5 a6 4. Ba4 Nf6 5. Qe2 b5 6. Bb3 Be7 7. O-O d6 8. c3
Bg4 9. h3 Bh5 10. a4 Na5 11. Bc2 c6 12. b4 Nb7 13. Bb2 O-O 14. d3 Qc7 15. Nbd2
c5 16. Rfc1 Nd7 17. Nf1 cxb4 18. cxb4 Bg5 19. Ne3 Qd8 20. Bb3 Nb6 21. axb5 axb5
22. Rxa8 Nxa8 23. g4 Bg6 24. Bd5 Bxe3 25. Qxe3 Qe7 26. Qa7 1-0

[Event "Sparkassen-Open A"]
[Site "Heusenstamm, Martinsee"]
[Date "2015.11.26"]
[Round "1.24"]
[White "Larem, Peter"]
[Black "Mager, Denis"]
[Result "0-1"]
[WhiteElo "1860"]
[BlackElo "2232"]
[PlyCount "58"]
[EventDate "2015.??.??"]
[WhiteTeam "SG Rödermark"]
[BlackTeam "TuS Makkabi"]

1. e4 c5 2. c3 d5 3. exd5 Qxd5 4. d4 e6 5. Nf3 Nf6 6. Be3 Nc6 7. dxc5 Qxd1+ 8.
Kxd1 Ng4 9. b4 a5 10. Bb5 Bd7 11. Nbd2 axb4 12. Bxc6 Nxe3+ 13. fxe3 Bxc6 14.
cxb4 Be7 15. e4 O-O 16. Ke2 Ra3 17. Nb1 Ra4 18. a3 Bf6 19. Ra2 Bxe4 20. Ke3 Bd5
21. Rd2 g6 22. h4 Bg7 23. g4 f5 24. g5 Be4 25. Rd7 Bxb1 26. Rxb1 Rxa3+ 27. Kf4
Re8 28. Rxb7 e5+ 29. Nxe5 Bxe5# 0-1

[Event "Sparkassen-Open A"]
[Site "Heusenstamm, Martinsee"]
[Date "2015.11.26"]
[Round "1.25"]
[White "Künstler, Christian"]
[Black "Deppe, Leo"]
[Result "1-0"]
[WhiteElo "2223"]
[BlackElo "1852"]
[PlyCount "49"]
[EventDate "2015.??.??"]
[WhiteTeam "SF Neuberg"]
[BlackTeam "SC Bad Soden"]

1. d4 Nf6 2. c4 e6 3. a3 d5 4. Nf3 Nbd7 5. cxd5 exd5 6. Nc3 h6 7. Bf4 a6 8. Qc2
Be7 9. e3 O-O 10. b4 b5 11. Bd3 Nb6 12. Nxb5 axb5 13. Bxc7 Qe8 14. Bxb6 Bxb4+
15. Ke2 Rxa3 16. Rxa3 Bxa3 17. Ra1 Bd6 18. Ke1 Bd7 19. Bc5 Qe7 20. Ne5 Rc8 21.
Nxd7 Qxd7 22. Bf5 Qd8 23. Bxc8 Qxc8 24. Rc1 Bxh2 25. Be7 1-0

[Event "Sparkassen-Open A"]
[Site "Heusenstamm, Martinsee"]
[Date "2015.11.26"]
[Round "1.26"]
[White "Kilthau, Peter"]
[Black "Engel, Berthold"]
[Result "1/2-1/2"]
[WhiteElo "1850"]
[BlackElo "2207"]
[PlyCount "80"]
[EventDate "2015.??.??"]
[WhiteTeam "SK Mannheim"]
[BlackTeam "BG Buchen"]

1. e4 Nc6 2. Nf3 d6 3. Bc4 Nf6 4. Nc3 Bg4 5. d3 Nd4 6. Be3 Nxf3+ 7. gxf3 Bd7 8.
Rg1 e6 9. f4 c6 10. e5 Nd5 11. exd6 Nxe3 12. fxe3 Qh4+ 13. Kf1 Qh3+ 14. Kf2
Qxh2+ 15. Rg2 Qh4+ 16. Kg1 Bxd6 17. Rxg7 O-O-O 18. Qg4 Qxg4+ 19. Rxg4 e5 20.
Rh4 exf4 21. exf4 h5 22. Ne4 Rdg8+ 23. Kf2 Be7 24. Rh2 Rg4 25. Kf3 f5 26. Nf2
Rg7 27. Re1 h4 28. d4 Rg3+ 29. Ke2 b5 30. Bb3 Re8 31. Kd2 Bf6 32. Rxe8+ Bxe8
33. c3 Kd7 34. Nd3 Bh5 35. Bc2 Bf3 36. Ne5+ Ke6 37. Nxf3 Rxf3 38. Re2+ Kf7 39.
Bxf5 Rxf4 40. Bd7 Bg5 1/2-1/2

[Event "Sparkassen-Open A"]
[Site "Heusenstamm, Martinsee"]
[Date "2015.11.26"]
[Round "1.27"]
[White "Meyner, Hannes"]
[Black "Ciesla, Daniel"]
[Result "1-0"]
[WhiteElo "2202"]
[BlackElo "1848"]
[PlyCount "53"]
[EventDate "2015.??.??"]
[WhiteTeam "Kasseler SK"]
[BlackTeam "SG Hermeskeil"]

1. d4 d6 2. Nf3 Bg4 3. c4 Nd7 4. e4 e5 5. d5 Be7 6. Nc3 Ngf6 7. Be2 O-O 8. Be3
Ne8 9. Nd2 Bxe2 10. Qxe2 Bg5 11. O-O Bxe3 12. fxe3 g6 13. Rf2 Ng7 14. Raf1 f5
15. exf5 Rxf5 16. Nde4 a6 17. b4 Qe7 18. c5 dxc5 19. d6 cxd6 20. Nd5 Qf8 21. g4
Rxf2 22. Rxf2 Qd8 23. Qf3 Nf8 24. Qf7+ Kh8 25. Ne7 Nfe6 26. Rf3 Qe8 27. Nxg6+
1-0